Представление документа в формате MARC21

Поле Инд. ПП Название Значение
Тип записи a
Библиографический уровень m
001 Контрольный номер RU/IS/BASE/193484138
005 Дата корректировки 20230626103651.4
040 b Код языка каталог. rus
041 0_ a Код языка текста rus
080 00 a Индекс УДК 004.42
084 a Индекс другой классификации/Индекс ББК 32.973.26-018.2
090 00 a Полочн. индекс 681.3
x Авторский знак Г94
097 b Оператор 12
100 10 a Автор Гультяев А. К.
245 00 a Заглавие MATLAB 5.2. Имитационное моделирование в среде Windows
b Продолж. заглавия практическое пособие
260 00 a Место издания Санкт-Петербург
b Издательство КОРОНА принт
c Дата издания 1999
300 00 a Объем 288 с.
510 0_ a Примечание о ссылках Книги и методические пособия
650 04 a Основная рубрика 50.41 Программное обеспечение вычислительных машин, комплексов и сетей
x Основная подрубрика 50.41.25 Прикладное программное обеспечение
653 00 a Ключевые слова Matlab; имитационное моделирование; Windows; среда программирования
901 t Тип документа m